Datum a čas kvízu
32
Celkem bodů
Celkový počet nahraných bodů na tomto kvízu bez doplňovacích otázek.
3.
Pořadí na kvízu
Konečné umístění týmu na tomto kvízu.
Zaznamenané odpovědi
| # | Otázka | Odpověď | Body | Výsledky |
|---|---|---|---|---|
| 1. | První Češka v historii pronikl... | Věra Jourová | 1 | |
| 2. | Parlament jednoho evropského s... | o Řecku | 1 | |
| 3. | Letošní 32. ročník filmového f... | Zlatý ledňáček | 0 | |
| 4. | Pošťuchování mezi dvěma e-shop... | CZC.cz | 1 | |
| 5. | Jaromír Jágr vrátil čtyřmi gól... | České Budějovice | 1 | |
| 6. | V pondělí v podvečer zachvátil... | svatý Ludvík (Louis) | 0 | |
| 7. | Největší a nejznámější knihovn... | Alexandrie | 1 | |
| 8. | Město, ke kterému odkazuje tat... | Drážďany | 1 | |
| 9. | Stavba Národního divadla v Pra... | František Josef I. | 0 | |
| 10. | Tento mrakodrap najdeme na mís... | Freedom Tower (Věž svobody) | 0 |